Ovinos romney marsh; sus orígenes, características y tendencias en la selección /

Guardado en:
Autor Principal: Vaquer, Eduardo
Formato: Libro
Publicado: Buenos Aires : Albatros, 1978
Materias:
Etiquetas: Agregar Etiqueta
Sin Etiquetas, Sea el primero en etiquetar este registro!
LEADER 00556nam a22001815a 4500
001 CEM.cems016218
005 20120903161030.0
008 130507s1978##################000#0#####d
003 CEMS
082 0 4 |a 636.3 
100 1 |a Vaquer, Eduardo 
245 1 0 |a Ovinos romney marsh; sus orígenes, características y tendencias en la selección /  |c Eduardo Vaquer, 
260 |a Buenos Aires :  |b Albatros,  |c 1978 
300 |a 71 p. 
653 |a Ganadería 
653 |a Ovinos romney marsh 
653 |a Ovinos 
859 |a CEMS  |b BIB. CEMS - Agricultura  |h 636.3  |i V413  |p A12281.83  |t Ej.1